Edipo Rey

保存先:
書誌詳細
第一著者: Sófocles (autor)
フォーマット: 図書
言語:スペイン語
出版事項: Santiago Universitaria 1998
版:26a. ed
シリーズ:Colección Los Clásicos
主題:
タグ: タグ追加
タグなし, このレコードへの初めてのタグを付けませんか!

MARC

LEADER 00000nam a2200000 a 4500
001 UCP1228
003 CL-VaPUC
008 990401e19980000CL |||||||||||||||||spa|d
020 |a 9561115557 
082 0 4 |a 882  |b SOF  |2 21 
100 |a Sófocles  |e autor  |9 269407 
245 1 0 |a Edipo Rey 
250 |a 26a. ed 
300 |a 108 p 
942 |c BK 
945 |d 19990401 00:00:00  |a aarredon 
260 |a Santiago  |b Universitaria  |c 1998 
650 0 |a Tragedia griega  |9 265362 
650 7 |a DRAMAS GRIEGOS  |2 CL-VaPUC  |9 427165 
650 7 |a LITERATURA GRIEGA  |2 CL-VaPUC  |9 258054 
650 7 |a TEATRO GRIEGO  |2 CL-VaPUC  |9 427166 
583 |a last modification  |c 20160614 10:11:05  |k Rodrigo Vera 
490 0 |a Colección Los Clásicos 
999 |c 279931  |d 279929 
952 |0 0  |1 0  |4 0  |6 882_000000000000000_SOF_1998  |7 0  |8 A  |9 319858  |a BIBHIS  |b BIBHIS  |d 2019-11-20  |i 3509389  |o 882 SOF 1998  |p 3509389  |r 2025-01-20  |w 2019-11-20  |y BK  |k HIS 
952 |0 0  |1 0  |4 0  |6 882_000000000000000_SOF_1998  |7 0  |8 A  |9 319859  |a BIBEDU  |b BIBEDU  |d 2019-11-20  |i 4051688  |o 882 SOF 1998  |p 4051688  |r 2019-11-20  |w 2019-11-20  |y BK  |k LIT